000 00446 a2200145 4500
999 _c6494
_d6494
020 _a8170002672
050 _aZ678.9 MAL 1999
100 _aMalavya, V. C.
_eauthor
245 _aLibrary information technology for the next millennium /
_cV. C. Malavya
264 _aNew Delhi :
_bEss Ess Publications,
_c1999.
300 _a314p. :
500 _aEss Ess Publications
650 _aInformation technology.
_xLibrary
942 _2lcc
_cBK
_h678.9
_iMAL
_kZ